[Event "IECG CE.2004.0.00066 email"]
[Site "IECG email"]
[Date "2004.01.15"]
[Round "?"]
[White "Waier, Todd"]
[Black "Sparreboom, Martin"]
[Result "0-1"]
[WhiteElo "1200"]
[BlackElo "1285"]
[PlyCount "24"]
[EventDate "2004.01.15"]
[EventType "tourn (corr)"]
[EventRounds "6"]
[SourceTitle "Corr 2008"]
[Source "ChessBase"]
[SourceDate "2008.06.24"]
[SourceVersion "1"]
[SourceVersionDate "2008.06.24"]
[SourceQuality "1"]

1. e4 e6 2. d4 d5 3. Nd2 Nf6 4. e5 Nfd7 5. Bd3 c5 6. c3 Nc6 7. Ne2 cxd4 8. cxd4 f6 9. exf6 Nxf6 10. Nf3 Bd6 11. 0-0 0-0 12. Bf4 Bxf4 0-1

[Event "IECG CE.2003.0.00064 email"]
[Site "IECG email"]
[Date "2003.12.17"]
[Round "?"]
[White "Hadley, Guy"]
[Black "Waier, Todd"]
[Result "1-0"]
[WhiteElo "1378"]
[BlackElo "1200"]
[PlyCount "59"]
[EventDate "2003.12.17"]
[EventType "tourn (corr)"]
[EventRounds "6"]
[SourceTitle "Corr 2008"]
[Source "ChessBase"]
[SourceDate "2008.06.24"]
[SourceVersion "1"]
[SourceVersionDate "2008.06.24"]
[SourceQuality "1"]

1. f4 d5 2. Nf3 Nf6 3. e3 g6 4. d4 Bg7 5. Bd3 0-0 6. 0-0 c5 7. c3 b6 8. Qe2 c4 9. Bc2 Bb7 10. Nbd2 Qc7 11. Ne5 Nbd7 12. g4 Ne8 13. Nxd7 Qxd7 14. b3 b5 15. bxc4 bxc4 16. Ba3 f5 17. g5 Nd6 18. h4 Ne4 19. Nxe4 fxe4 20. Qh2 Qg4+ 21. Kh1 Qd7 22. h5 Rf7 23. Rf2 Bc8 24. Kg2 Qg4+ 25. Qg3 Qxg3+ 26. Kxg3 gxh5 27. Bd1 Bg4 28. Bxg4 hxg4 29. Rb1 e6 30. Rfb2 1-0